Un garçon pas comme les autres (Ziggy) - Starmania - Paroles - Statistiques

Statistiques générales
  • Ce quiz a été pris 1 654 fois
    1 343 depuis la dernière actualisation
  • Le résultat moyen est 188 sur 227
Statistiques - réponses
Paroles % Correct
à
99%
a
99%
l'
99%
s'
99%
C'
98%
c'
98%
autre
97%
d'
97%
est
97%
garçon
97%
il
97%
Il
97%
J'
97%
j'
97%
les
97%
m'
97%
pas
97%
un
97%
ai
96%
comme
96%
Je
96%
je
96%
Ziggy
96%
Ziggy,
96%
Ziggy.
96%
appelle
95%
de
95%
De
95%
ma
95%
aime
94%
aime,
94%
autres
94%
faute.
94%
lui.
92%
lui
92%
suis
92%
mais
91%
Mais,
91%
Mais
91%
qu'
91%
qu''
91%
sa
91%
folle
90%
moi
89%
me
88%
La
86%
la
86%
sais
84%
que
83%
Que
83%
ne
82%
dit
81%
jamais.
81%
aimera
80%
dans
80%
Dans
80%
et
80%
Et
80%
si
77%
Même
75%
vu
75%
fois
74%
première
74%
seul
73%
on
72%
On
72%
ami.
71%
une
71%
avais
69%
mon
69%
rue
69%
des
67%
sur
67%
envie
66%
garçons,
65%
65%
café
64%
ri,
62%
seule
62%
viens
61%
étais
60%
prendre
60%
y'
60%
jetée
58%
besoin
57%
musique.
57%
du
56%
faire
56%
pleuré.
56%
Oui,
55%
parler
55%
raison
55%
tête
55%
était
54%
nos
54%
quelqu'un.
54%
vies.
54%
raconté
53%
seulement
53%
devrais
52%
galaxie.
52%
matin
52%
heures
51%
très
51%
vit
51%
amis.
50%
quatre
50%
danser,
49%
endroits
49%
boutique.
48%
tas
48%
Tous
48%
dirait
47%
disques
47%
emmène
47%
vend
47%
gais,
45%
soirs
45%
oublier.
42%
Essayer
40%
Aucun quiz correspondant
Distribution des résultats
% des personnes avec chaque résultat
Percentile par nombre de réponses
Votre historique - résultats
Vous n’avez pas pris ce quiz depuis la dernière actualisation